• 首页
  • 本馆介绍
  • 公告通知
  • 最新文献
  • 馆藏检索
  • 电子资源
  • 读者导购
  • 参考咨询
  • 我的图书馆
  • 登录
  • 详细信息显示
  • 放入我的书架
  • 预约/预借图书
  • 作者相关作品
  • 分类相关作品
  • 丛书相关作品
  • 出版社相关作品

书目信息

  • 表格格式
  • 工作单格式
  • 卡片格式
书名: proceedings of the international comference on urban and regional in transitional china and the 3rd international association for china palnting conference
作者: xu jian-gang,shen qing,zong yue-guang.
分册号:
分册名:
出版地: 南京 :
 
出版社: 东南大学出版社
出版时间: 2009.
页数: 324 p. ;
开本: 26cm.
丛书名:
中图分类号:
科图分类号:
其他分类号: TU982.2-53
主题词:
电子资源:
000 00647nam 2200157 a 4500
001 E1252854058
005 20120419144531.15
008 120419s2009 00010 eng
020    @a978-7-5641-1786-3 :@cCNY98.00.
040    @aPFT@beng
090    @aTU982.2-53
099    @dTU982.2-53@ex11
245    @aproceedings of the international comference on urban and regional in transitional china and the 3rd international association for china palnting conference / @cxu jian-gang,shen qing,zong yue-guang.
246    @a转型期的中国城市与区域规划国际会议暨国际中国城市规划学会第三届年会论文集
260    @a南京 :@b东南大学出版社,@c2009.
300    @a324 p. ;@c26cm.
    
    proceedings of the international comference on urban and regional in transitional china and the 3rd international association for china palnting conference / / xu jian-gang,shen qing,zong yue-guang.-南京 : : 东南大学出版社, , 2009.
    324 p. ; ; 26cm.
    
    
    ISBN 978-7-5641-1786-3 :CNY98.00.
    
●
相关链接 在E读中查询图书 在五车中查询图书 在当当中查询图书 在豆瓣中查询图书


正题名:proceedings of the international comference on urban and regional in transitional china and the 3rd     索取号:TU982.2-53/x11         预约/预借

序号 登录号 条形码 馆藏地/架位号 状态 备注
1 17912   300179125   第二样本阅览室/ [索取号:TU982.2-53/x11] 在馆    
2 17913   300179134   第四借阅区/ [索取号:TU982.2-53/x11] 在馆    
3 17914   300179143   第四借阅区/ [索取号:TU982.2-53/x11] 在馆    
4 17915   300179152   第四借阅区/ [索取号:TU982.2-53/x11] 在馆    
5 17916   300179161   第四借阅区/ [索取号:TU982.2-53/x11] 在馆    
唐山师范学院图书馆 欢迎您!
大连网信软件有限公司© 版权所有